| 000 | 00735nam a22002177a 4500 | ||
|---|---|---|---|
| 005 | 20100806122425.0 | ||
| 010 | _aENG-98558 | ||
| 020 |
_a9780070703537 _c250.00 |
||
| 020 |
_a0070703531 _c250.00 |
||
| 035 | _aEN-82091 | ||
| 037 | _bDBAD/PUB | ||
| 082 | _a005.72 | ||
| 100 |
_aHart Davis, Guy _97580 |
||
| 245 |
_aHTML,XHTML & CSS Quicksteps / _cby Guy Hart Davis |
||
| 260 |
_aNew Delhi _bTata McGraw Hill _c2010 |
||
| 270 |
_a7 West Patel Nagar _bNew Delhi _e110008 |
||
| 300 |
_axviii,206p _c20cm(pbk) |
||
| 500 | _aIncludes index | ||
| 942 |
_2ddc _cEN _h005.72 _mHAR |
||
| 999 |
_c39698 _d39698 |
||